000 00691nam a2200241Ia 4500
003 OSt
005 20220923214611.0
006 a|||||r|||| 00| 0
007 ta
008 220922b |||||||| |||| 00| 0 hin d
024 _a171,205
037 _cTextual
040 _aARTS
_cARTS
_bhin
041 _2hin
_ahin
082 _aO152,3N16,DB, L5
100 _aशर्मा, यज्ञदत्त
245 0 _aदूसरी बार
246 _aDūsarī bāra
260 _c1975
650 _aहिन्दी साहित्य
_9156264
942 _hO152,3N16,DB, L5
_cTEXL
_2CC
999 _c325430
_d325430